[Event "Slavonija"]
[Site "Vukovar CRO"]
[Date "2001.08.04"]
[Round "3"]
[White "Brkic,A"]
[Black "Drasko,M"]
[Result "0-1"]
[WhiteElo "2331"]
[BlackElo "2509"]

1.d4 e6 2.Nf3 Nf6 3.c4 Bb4+ 4.Nbd2 b6 5.e3 a5 6.Bd3 d5 7.O-O Bb7 8.Qe2 Ne4
9.a3 Bd6 10.Ne5 O-O 11.f3 Nf6 12.f4 c5 13.Ndf3 Nc6 14.Nxc6 Bxc6 15.Ne5 Bb7
16.cxd5 exd5 17.Bd2 Qc8 18.dxc5 bxc5 19.Bc3 Ba6 20.Rfd1 Rd8 21.Rac1 Bxe5
22.Bxa6 Rxa6 23.Bxe5 Ne4 24.Qb5 a4 25.h3 h5 26.Bc7 Rd7 27.Ba5 Rg6 28.Kh2 Rb7
29.Qe2 Qf5 30.Bc3 d4 31.exd4 Qxf4+ 32.Kg1 Ng3 33.Qf2 Qxf2+ 34.Kxf2 Ne4+ 35.Kf3 Re7
36.g4 hxg4+ 37.hxg4 Rf6+ 38.Kg2 Rf2+ 39.Kg1 Re6 40.Rf1 Re2 41.dxc5 Nxc5 42.Rf5 Ne4
43.Bd4 Ra6 44.Rh5 f6 45.Bc3 Re3 46.Rf5 Rg3+ 47.Kf1  0-1

[Event "FSIMB August"]
[Site "Budapest HUN"]
[Date "2001.08.08"]
[Round "5"]
[White "Schneider Zinner,H"]
[Black "Eperjesi,L"]
[Result "1/2-1/2"]
[WhiteElo "2329"]
[BlackElo "2255"]

1.d4 Nf6 2.Nf3 e6 3.c4 Bb4+ 4.Nbd2 d5 5.Qa4+ Nc6 6.e3 O-O 7.a3 Bd6 8.b4 Ne4
9.Nxe4 dxe4 10.Nd2 f5 11.c5 Be7 12.Qb3 Bf6 13.Bc4 Qe8 14.Bb2 Kh8 15.Bc3 a5
16.O-O a4 17.Qa2 Bd7 18.f3 exf3 19.Nxf3 Nd8 20.Be1 b5 21.cxb6 cxb6 22.Bg3 Nf7
23.Rac1 Qe7 24.Bc7 b5 25.Bd3 Rfc8 26.Rc5 Qe8 27.Rfc1 Be7 28.R5c3 Ra6 29.Qc2 h6
30.e4 Ng5 31.Ne5 Nxe4 32.Bxe4 fxe4 33.Qxe4 Bf6 34.Qb7 Bxe5 35.Bxe5 Raa8 36.Rc7 Rab8
37.Qe4 Rxc7 38.Bxc7 Rc8 39.Rc5 Qf7 40.h3 Be8 41.Be5 Rxc5 42.dxc5 Qd7 43.Qh4 Qf7  1/2-1/2

[Event "Inline Czechia Cup"]
[Site "Olomouc CZE"]
[Date "2001.08.09"]
[Round "11"]
[White "Pieniazek,Ar"]
[Black "Szymanski,M"]
[Result "1/2-1/2"]
[WhiteElo "2403"]
[BlackElo "2362"]

1.d4 Nf6 2.c4 e6 3.Nf3 Bb4+ 4.Nbd2 O-O 5.a3 Be7 6.e4 d5 7.e5 Nfd7 8.cxd5 exd5
9.b4 a5 10.b5 c5 11.Bd3 Qb6 12.dxc5 Nxc5 13.Nb3 Be6 14.O-O Nxb3 15.Qxb3 Nd7
16.Qd1 Rac8 17.Bb2 Nc5 18.Bd4 Qd8 19.Rc1  1/2-1/2

[Event "7th Stage Russian Cup"]
[Site "Togliatty RUS"]
[Date "2001.08.11"]
[Round "4"]
[White "Iliushkin,E"]
[Black "Blatov,I"]
[Result "1/2-1/2"]
[WhiteElo "2296"]
[BlackElo "2409"]

1.d4 Nf6 2.c4 e6 3.Nf3 Bb4+ 4.Nbd2 b6 5.e3 Bb7 6.Bd3 O-O 7.O-O d5 8.Qc2 h6
9.b3 Nbd7 10.Bb2 a5 11.Rac1 c5 12.cxd5 Nxd5 13.a3 Bxd2 14.Qxd2 cxd4 15.Bxd4 Rc8
16.Bb5 Nc5 17.Qb2 Nf6 18.b4 axb4 19.axb4 Nce4 20.Rxc8 Bxc8 21.Rc1 Bb7 22.Ne5 Nd6
23.Bc6 Nd5 24.Bxb7 Nxb7 25.Nc6 Qg5 26.f4 Qg6 27.Bxb6 Rc8 28.Ne5 Rxc1+ 29.Qxc1 Qh5
30.Qc8+ Kh7 31.Qc2+ f5 32.Bd4 Nd6 33.Nf3 Qe8 34.Qc5 Nb5 35.Ne5 Nxd4 36.Qxd4 Qa4
37.Nf7 Qxb4 38.Qxb4 Nxb4 39.Nd8 Nd5 40.Kf2 Nc7 41.Ke2 Kg6 42.Kd3 Kf6 43.Kd4 Nd5
44.g3 Ke7 45.Nc6+ Kd6 46.Ne5 Nf6 47.Nc4+ Ke7 48.Ne5  1/2-1/2

[Event "TCh-Rep. Srpska"]
[Site "Jahorina BIH"]
[Date "2001.08.12"]
[Round "2"]
[White "Milanovic,D"]
[Black "Drasko,M"]
[Result "0-1"]
[WhiteElo "2424"]
[BlackElo "2509"]

1.d4 e6 2.c4 Nf6 3.Nf3 Bb4+ 4.Nbd2 b6 5.a3 Bxd2+ 6.Qxd2 Bb7 7.e3 O-O 8.Be2 d6
9.O-O Nbd7 10.b4 Qe7 11.Bb2 Ne4 12.Qc2 f5 13.Ne1 c5 14.f3 Nef6 15.Nd3 Rac8
16.Qb3 Ba8 17.Nf2 e5 18.d5 b5 19.e4 bxc4 20.Bxc4 Nb6 21.Be2 c4 22.Qc2 Rc7
23.Bc3 Nh5 24.Rfe1 Qh4 25.Nh1 Nf4 26.Bf1 Qg5 27.g3 Qg6 28.Rac1 fxe4 29.fxe4 Bb7
30.a4 Nd3 31.Bxd3 cxd3 32.Qxd3 Nxd5 33.Bd2 Rxc1 34.Bxc1 Nf6 35.Nf2 Ng4 36.Nxg4 Qxg4
37.Qe2 Qxe2 38.Rxe2 Rc8 39.Bg5 Kf7 40.Rd2 Ke6 41.Be3 a6 42.b5 axb5 43.axb5 Bxe4
44.Ra2 Rc3 45.Kf2 Rc2+ 46.Rxc2 Bxc2 47.Ba7 Bd3 48.b6 Ba6 49.g4 d5 50.h4 d4
51.Bb8 e4 52.Bg3 Kd5 53.h5 g6 54.hxg6 hxg6 55.Bh4 Bb7 56.Bg5 e3+  0-1

[Event "TCh-Rep. Srpska"]
[Site "Jahorina BIH"]
[Date "2001.08.13"]
[Round "3"]
[White "Zegarac,B"]
[Black "Talic,M"]
[Result "1/2-1/2"]
[WhiteElo "2269"]
[BlackElo "2275"]

1.d4 Nf6 2.c4 e6 3.Nf3 Bb4+ 4.Nbd2 O-O 5.g3 b6 6.Bg2 Bb7 7.O-O d5 8.Qc2 Nbd7
9.a3 Bd6 10.b4 c5 11.bxc5 bxc5 12.Rb1 Qc7  1/2-1/2

[Event "TCh-Rep. Srpska"]
[Site "Jahorina BIH"]
[Date "2001.08.15"]
[Round "5"]
[White "Zegarac,B"]
[Black "Stavnjak,L"]
[Result "1/2-1/2"]
[WhiteElo "2269"]
[BlackElo "2307"]

1.d4 e6 2.c4 Nf6 3.Nf3 Bb4+ 4.Nbd2 O-O 5.g3 d5 6.Bg2 c6 7.O-O Nbd7 8.Qc2 Re8
9.e4 dxe4 10.Nxe4 Nxe4 11.Qxe4 Nf6 12.Qc2 h6 13.Bf4 Bd6 14.Bxd6 Qxd6 15.Rfd1 Bd7
16.Ne5 Rad8 17.Qc3 Bc8 18.b4 Qc7 19.Rd3 Nd7 20.Rad1 Nxe5 21.dxe5 Rxd3 22.Rxd3 Rd8
23.c5 Rxd3 24.Qxd3 Qd7 25.Be4 Qxd3 26.Bxd3 Kf8 27.f4 Ke7 28.Kf2 Bd7 29.Kf3 Be8
30.Ke3 f6 31.Kd4 Bh5 32.exf6+ gxf6 33.h3 Bf3 34.Be4 Be2 35.g4 Kd7 36.Ke3 Bc4
37.a3 Ke7 38.h4 e5 39.fxe5 fxe5 40.g5 hxg5 41.hxg5 Ke6 42.a4 Bb3 43.a5 a6
44.Kf3 Bd1+ 45.Kg3 Be2 46.Kh4 Bd1 47.g6 Kf6 48.b5 axb5 49.Bxc6 b4 50.Bxb7 b3
51.Bd5 b2 52.Be4 Bf3 53.Bb1 Bb7 54.Kg3 e4 55.a6 Ba8 56.Kf4 Kxg6 57.Ke3 Kf5
58.Kd2 Ke5 59.Kc3 e3 60.a7 e2 61.Kd2 Bf3 62.a8=Q Bxa8 63.Kxe2  1/2-1/2

[Event "Open"]
[Site "Presov SVK"]
[Date "2001.08.17"]
[Round "7"]
[White "Tibensky,R"]
[Black "Ciuksyte,D"]
[Result "0-1"]
[WhiteElo "2451"]
[BlackElo "2255"]

1.d4 Nf6 2.c4 e6 3.Nf3 Bb4+ 4.Nbd2 O-O 5.e3 b6 6.Bd3 Bb7 7.O-O d5 8.Qc2 Nbd7
9.a3 Bd6 10.b4 dxc4 11.Nxc4 Bxf3 12.gxf3 e5 13.dxe5 Nxe5 14.Nxe5 Bxe5 15.Rb1 h6
16.f4 Bd6 17.Bb2 c5 18.bxc5 Bxc5 19.Rbd1 Qe7 20.a4 Rad8 21.Qe2 Rfe8 22.Qf3 Qe6
23.Kh1 Qb3 24.Bxf6 Rxd3 25.Rxd3 Qxd3 26.Rg1 Bf8 27.f5 Kh7 28.Bd4 Qe4 29.Qxe4 Rxe4
30.Rc1 Bc5 31.Bxc5 bxc5 32.Rxc5 Rxa4 33.Rc7 Kg8 34.Kg2 a5 35.Ra7 Ra1 36.Kg3 a4
37.e4 a3 38.e5 Re1 39.Kf4 Re2  0-1

[Event "ch-FRA Women"]
[Site "Marsailles FRA"]
[Date "2001.08.23"]
[Round "11"]
[White "Flear,C"]
[Black "Muller,A"]
[Result "1/2-1/2"]
[WhiteElo "2146"]
[BlackElo "2156"]

1.d4 Nf6 2.c4 e6 3.Nf3 Bb4+ 4.Nbd2 b6 5.e3 Bb7 6.Bd3 O-O 7.O-O Bxd2 8.Nxd2 d6
9.b3 e5 10.d5 a5 11.f4 Qe7 12.Qf3 Re8 13.Ne4 exf4 14.Qxf4  1/2-1/2

[Event "Open"]
[Site "Lisbon POR"]
[Date "2001.08.24"]
[Round "4"]
[White "Lazarev,V"]
[Black "Flament,Fra"]
[Result "1-0"]
[WhiteElo "2459"]
[BlackElo "2089"]

1.d4 Nf6 2.c4 e6 3.Nf3 Bb4+ 4.Nbd2 d5 5.Qa4+ Nc6 6.a3 Be7 7.e3 O-O 8.Qc2 Re8
9.b4 Bf8 10.Bb2 g6 11.Bd3 Bg7 12.O-O Ne7 13.Rfd1 b6 14.c5 bxc5 15.Qxc5 c6
16.Nb3 Qb6 17.Qc2 Ba6 18.Bxa6 Qxa6 19.Rac1 Ne4 20.Na5 Rac8 21.Nd2 Nd6 22.Ndb3 Qb6
23.Qd3 Rc7 24.Rc2 Qb5 25.Qxb5 Nxb5 26.Rdc1 Rec8 27.Nc5 Nd6 28.Na6 Rd7 29.Nxc6 Nxc6
30.Rxc6 Rcd8 31.Nc5 Re7 32.Nd3 Nc4 33.Rc2 f6 34.a4 Bf8 35.Bc3 Kf7 36.b5 Red7
37.Nb2 Nd6 38.Ba5 Re8 39.Rc7 Ree7 40.Rxd7 Rxd7 41.Rc6 Nb7 42.Bc3 Bd6 43.Nd3 Rc7
44.Rxc7+ Bxc7 45.Kf1 Bd6 46.a5 Bc7 47.b6 Bb8 48.Nc5  1-0

[Event "EYCC G18"]
[Site "Halkidiki GRE"]
[Date "2001.08.31"]
[Round "1"]
[White "Charkhalashvili,I"]
[Black "Pahor,A"]
[Result "1-0"]
[WhiteElo "2278"]
[BlackElo "2040"]

1.d4 Nf6 2.Nf3 e6 3.c4 Bb4+ 4.Nbd2 c5 5.a3 Bxd2+ 6.Bxd2 cxd4 7.Nxd4 d5 8.e3 O-O
9.Bb4 Re8 10.Nb5 a5 11.Bd6 Na6 12.cxd5 Nxd5 13.e4 Nf6 14.e5 Nd5 15.Bd3 Bd7
16.O-O Qg5 17.Nd4 Rac8 18.Be4 Nc5 19.Bf3 a4 20.Kh1 b6 21.Bxd5 exd5 22.f4 Qh6
23.Qf3 Ne4 24.Bb4 Rc4 25.Rad1 Qh4 26.Be1 Qe7 27.Bb4 Qh4 28.Be1 Qe7 29.Ne2 Bc6
30.Bb4 Qh4 31.Qe3 Qd8 32.Nd4 Bd7 33.Rc1 b5 34.Nf3 Qc7 35.Rcd1 Bc6 36.f5 Qd8
37.e6 fxe6 38.fxe6 Rxe6 39.Nd2 d4 40.Nxc4 bxc4 41.Qxd4 Qxd4 42.Rf8+  1-0

[Event "III Sants Hostafrancs Open"]
[Site "Barcelona ESP"]
[Date "2001.09.08"]
[Round "8"]
[White "Mirzoev,A"]
[Black "Cooper,L"]
[Result "1-0"]
[WhiteElo "2516"]
[BlackElo "2352"]

1.d4 Nf6 2.c4 e6 3.Nf3 Bb4+ 4.Nbd2 b6 5.a3 Bxd2+ 6.Qxd2 Bb7 7.g3 c5 8.dxc5 bxc5
9.Bg2 d6 10.O-O a5 11.Rd1 Ra6 12.Qc2 O-O 13.b3 Nbd7 14.Bb2 Qa8 15.Qc3 Rb8
16.a4 Rb6 17.Ra3 Be4 18.Bh3 d5 19.cxd5 Bxd5 20.Nd2 Rb4 21.e4 Bc6 22.f3 Qb7
23.Qe3 Qc7 24.Bc3 c4 25.Bf1 cxb3 26.Bxb4 axb4 27.Raa1 b2 28.Ra2 Nb6 29.Rxb2 Nxa4
30.Rc2 Nc3 31.Ra1 Qe5 32.Ra7 Ba4 33.Nc4 Nd1 34.Nxe5 Nxe3 35.Rcc7 Be8 36.Bd3 b3
37.Kf2 Nd1+ 38.Ke1 Nb2 39.Bb1 Rd8 40.Rc1 g5 41.Rb7 Ba4 42.Nxf7 Rd4 43.Nxg5 Nc4
44.Nxe6 b2 45.Rxb2  1-0

[Event "TCh-CRO"]
[Site "Pula CRO"]
[Date "2001.09.17"]
[Round "8"]
[White "Bukal,V jr"]
[Black "Jankovic,A"]
[Result "1-0"]
[WhiteElo "2411"]
[BlackElo "2254"]

1.d4 Nf6 2.Nf3 e6 3.c4 Bb4+ 4.Nbd2 b6 5.a3 Bxd2+ 6.Qxd2 Bb7 7.e3 d6 8.b4 Nbd7
9.Be2 O-O 10.Bb2 Ne4 11.Qc2 f5 12.Rd1 Ndf6 13.O-O Qe8 14.d5 Kh8 15.Nd4 exd5
16.Nxf5 Qd7 17.Ng3 dxc4 18.Nxe4 Nxe4 19.Qxc4 Rae8 20.f3 Nf6 21.e4 d5 22.Qc1 Nh5
23.f4 Qf7 24.Be5 dxe4 25.Bxh5 Qxh5 26.Qxc7 Rf7 27.Rd7 Bd5 28.Qxa7 Qg6 29.Rxf7 Bxf7
30.Qd7 Be6 31.Qd2 Rc8 32.Re1 h6 33.Re3 Qf7 34.h3 Kh7 35.Qd6 Bf5 36.Qxb6 Rc1+
37.Kh2 Bg6 38.a4 Rc2 39.Rg3 Ra2 40.a5 h5 41.Rg5  1-0

[Event "Battle of Crete Rapid"]
[Site "Panormo GRE"]
[Date "2001.09.22"]
[Round "9"]
[White "Grivas,E"]
[Black "Zoler,D"]
[Result "1-0"]
[WhiteElo "2489"]
[BlackElo "2507"]

1.d4 Nf6 2.c4 e6 3.Nf3 Bb4+ 4.Nbd2 b6 5.g3 Bb7 6.Bg2 O-O 7.O-O a5 8.Qc2 Bxd2
9.Nxd2 Bxg2 10.Kxg2 d5 11.Nf3 Ne4 12.Be3 Na6 13.Rac1 c5 14.Rfd1 cxd4 15.Bxd4 Rc8
16.Qb1 Nac5 17.cxd5 exd5 18.b4 axb4 19.Qxb4 Re8 20.Qb2 f6 21.Be3 Re7 22.Nd4 Ra7
23.Nb5 Ra5 24.f3 Nd6 25.Nxd6 Qxd6 26.Rc2 Qe6 27.Bf2 Rca8 28.Rdd2 h6 29.Qd4 Ra4
30.Qb2 R4a5 31.h4 Kh7 32.Qc1 d4 33.Bxd4 f5 34.Bxc5 bxc5 35.Qb1 c4 36.Qb4 Ra4
37.Qc3 R8a6 38.Kf2 Ra7 39.Qe3 Qxe3+ 40.Kxe3 c3 41.Rxc3 Rxa2 42.Rxa2 Rxa2
43.h5 Kg8 44.Rc5 f4+ 45.gxf4 Kf7 46.Kd3 Ra3+ 47.Ke4 Kf6 48.Rc6+ Kf7 49.Rd6 Ra2
50.e3 Rh2 51.Rd5 Kf6 52.Kd3 Rf2 53.Ke4 Rh2 54.Rf5+ Ke6 55.Ra5 Rh3 56.f5+ Kf7
57.Ra7+ Kf6 58.Ra6+ Kf7 59.f4 Rxh5 60.Ke5 Rh3 61.e4 Rb3 62.Ra7+ Kg8 63.Ra6 Rb5+
64.Ke6 Rb4 65.Kd5 Kf7 66.Ra7+ Kg8 67.Rc7 Ra4 68.Rd7 Ra5+ 69.Ke6 Ra4 70.Ke5 Ra5+
71.Rd5 Ra6 72.Kd4 h5 73.Ke3 Kf7 74.e5 Ra3+ 75.Rd3 Ra1 76.Kf2 Ra4 77.Kg3 Rb4
78.Rd7+ Kf8 79.Rd6 Kf7 80.f6 g5 81.Rd7+ Ke6 82.Re7+ Kf5 83.f7 h4+ 84.Kg2  1-0

[Event "ECC"]
[Site "Panormo GRE"]
[Date "2001.09.23"]
[Round "1"]
[White "Kutirov,R"]
[Black "Macieja,B"]
[Result "1/2-1/2"]
[WhiteElo "2390"]
[BlackElo "2588"]

1.d4 Nf6 2.c4 e6 3.Nf3 Bb4+ 4.Nbd2 b6 5.a3 Bxd2+ 6.Bxd2 Bb7 7.g3 Bxf3 8.exf3 d5
9.Rc1 dxc4 10.Qa4+ Nbd7 11.Qxc4 Nd5 12.Bg2 O-O 13.O-O h6 14.Rc2 a5 15.Re1 N7f6
16.f4 Qd7 17.h3 Ra7 18.Qc6 Rd8 19.Qxd7 Rxd7 20.Be3 Ne7 21.g4 h5 22.Bf3 Nfd5
23.gxh5 Nf5 24.Kf1 Kh7 25.Rc4 Kh6 26.Ke2 Nf6 27.Rd1 Nxh5 28.d5 exd5 29.Rxd5 Rxd5
30.Bxd5 c5 31.Rc3 Rd7 32.Ba2 Nf6 33.Rd3 Nd4+ 34.Kf1 a4 35.Bb1 Kh5 36.Kg2 Nd5
37.Rd1 g6 38.Bd3 f5 39.Kg3 Nf6 40.Bxd4 Rxd4 41.Be2+ Kh6 42.Rxd4 cxd4 43.Bb5 Ne4+
44.Kf3 Nc5 45.Bc6 Nd3 46.Bb5 Nc5 47.Bc6 Kg7 48.Bb5 Kf7 49.Ke2 Ke7 50.h4 Kf7
51.Bc6 Kg7 52.Kd2 Kh6 53.Bf3 Kg7 54.Bc6 Kf8 55.Ke2 Kf7 56.Kd2 Ke7 57.Bb5  1/2-1/2

[Event "ECC"]
[Site "Panormo GRE"]
[Date "2001.09.27"]
[Round "5"]
[White "Huzman,A"]
[Black "Baklan,V"]
[Result "1-0"]
[WhiteElo "2571"]
[BlackElo "2599"]

1.d4 Nf6 2.Nf3 e6 3.c4 Bb4+ 4.Nbd2 O-O 5.a3 Be7 6.e4 d5 7.Bd3 c5 8.dxc5 dxe4
9.Nxe4 Nxe4 10.Bxe4 Qxd1+ 11.Kxd1 Bxc5 12.b4 f5 13.Bc2 Bxf2 14.c5 Nc6 15.Bb2 Be3
16.Ke2 f4 17.Rhd1 a5 18.b5 Ne7 19.Bd4 Nd5 20.a4 Bd7 21.Bb3 Rae8 22.Bxe3 fxe3
23.Bxd5 exd5 24.Rxd5 Be6 25.Re5 Bc4+ 26.Kxe3 Rd8 27.Rc1 Bb3 28.Nd4 Bd5 29.g3 Bg2
30.c6 bxc6 31.bxc6 Bh3 32.c7 Ra8 33.Nb5 Ra6 34.Rd1 Raa8 35.Rd6 h6 36.Kd4 Kh7
37.Kc5 Rf1 38.Kb6 Bc8 39.Na7 Bh3 40.Rd8 Rf6+ 41.Nc6 Bg2 42.Rc5  1-0

[Event "Chigorin Mem Open"]
[Site "St Petersburg RUS"]
[Date "2001.10.01"]
[Round "7"]
[White "Ionov,S"]
[Black "Bocharov,D"]
[Result "1/2-1/2"]
[WhiteElo "2544"]
[BlackElo "2425"]

1.d4 Nf6 2.c4 e6 3.Nf3 Bb4+ 4.Nbd2 O-O 5.a3 Be7 6.e4 d5 7.Bd3 c5 8.dxc5 dxe4
9.Nxe4 Nxe4 10.Bxe4 Qxd1+ 11.Kxd1 Bxc5 12.b4 Be7 13.Ke2 f5 14.Bc2 a5 15.Bf4 Nd7
16.c5 Bf6 17.Rab1 axb4 18.axb4 Ra2 19.Kd1 Kh8 20.Re1 Re8 21.Bd2 Rd8 22.Re2 Nb8
23.Bb3 Ra3 24.Bxe6 Bxe6 25.Rxe6 Rad3 26.Kc2 Nc6 27.Re8+ Rxe8 28.Kxd3 Kg8
29.Be3 Re4 30.Bd2 Kf7 31.b5 Nb8 32.Be3 Ke6 33.Nd4+ Bxd4 34.Bxd4 Kd5 35.Be3 Nd7
36.c6 bxc6 37.b6 f4 38.Bd2 g5 39.b7 Re8 40.g3 Nc5+ 41.Kc2 Rb8 42.gxf4 gxf4
43.Bxf4 Rxb7 44.Rd1+ Ke4 45.Be3 Nd7 46.Rd4+ Kf3 47.Rf4+ Kg2 48.Rf5 Nb6 49.h4 Nd5
50.Bd2 Rd7 51.h5 Kh3  1/2-1/2

[Event "1st Chess Week"]
[Site "Winterthur SUI"]
[Date "2001.10.09"]
[Round "5"]
[White "Grooten,H"]
[Black "Pikula,D"]
[Result "0-1"]
[WhiteElo "2375"]
[BlackElo "2450"]

1.d4 Nf6 2.c4 e6 3.Nf3 Bb4+ 4.Nbd2 b6 5.a3 Bxd2+ 6.Bxd2 Bb7 7.Bg5 d6 8.e3 Nbd7
9.Bd3 h6 10.Bh4 Qe7 11.O-O g5 12.Bg3 Ne4 13.Bxe4 Bxe4 14.Nd2 Bb7 15.e4 e5
16.d5 f5 17.exf5 O-O 18.f3 Rxf5 19.Bf2 Raf8 20.Qc2 Qg7 21.Be3 R5f7 22.h3 Nf6
23.b4 a6 24.a4 b5 25.axb5 axb5 26.Ra7 Bc8 27.Rd1 h5 28.Ne4 Nxe4 29.fxe4 g4
30.h4 bxc4 31.Bg5 g3 32.Qxc4 Bg4 33.Re1 Rf2 34.Qd3 Qf7 35.Qxg3 Rc2 36.Be3 Qg6
37.Bg5 Qf7 38.Kh2 Qf2 39.Be3 Qf3 40.Bg1 Rf7 41.b5 Qxg3+ 42.Kxg3 Bd7 43.Ra8+ Kh7
44.Be3 Bxb5 45.Rc1 Rg7+ 46.Kf3 Rf7+ 47.Kg3 Bd3 48.Ra4 Re2 49.Bg5 Bxe4 50.Rac4 Kg6
51.Bd8 Rf4 52.Rxe4 Rfxe4 53.Bxc7 Rg4+ 54.Kh3 Rexg2 55.Rc3 Rg1 56.Kh2 Rd1
57.Bxd6 Rxh4+ 58.Kg3 Rg4+ 59.Kf3 Rxd5 60.Bb8 Kf5 61.Rc8 Rd3+ 62.Kf2 Ke4 63.Rc4+ Rd4
64.Rc5 Rg5 65.Bc7 h4 66.Rc3 Rd2+ 67.Kf1 Rd3 68.Rc2 Rf3+  0-1

[Event "5th Itau Cup"]
[Site "Sao Paulo BRA"]
[Date "2001.10.17"]
[Round "5"]
[White "Matsuura,E"]
[Black "Sega,C"]
[Result "0-1"]
[WhiteElo "2421"]
[BlackElo "2289"]

1.d4 Nf6 2.c4 e6 3.Nf3 Bb4+ 4.Nbd2 b6 5.e3 Bb7 6.Bd3 O-O 7.O-O d5 8.a3 Be7
9.b4 Nbd7 10.Bb2 c5 11.b5 cxd4 12.Bxd4 Nc5 13.Be2 Rc8 14.Ne5 Nfe4 15.Nxe4 dxe4
16.Bxc5 bxc5 17.f4 Bd6 18.Ng4 Qc7 19.Qc2 f5 20.Nf2 e5 21.g3 exf4 22.gxf4 Bxf4
23.exf4 Qxf4 24.Qc1 Qh4 25.Qe3 f4 26.Qh3 Qxh3 27.Nxh3 f3 28.Bd1 e3 29.Bc2 Rce8
30.Bd3 Re5  0-1

[Event "Jonsson Mem Open"]
[Site "Reykjavik ISL"]
[Date "2001.10.23"]
[Round "1"]
[White "Schandorff,L"]
[Black "Karason,A"]
[Result "1-0"]
[WhiteElo "2551"]
[BlackElo "2258"]

1.d4 Nf6 2.c4 e6 3.Nf3 Bb4+ 4.Nbd2 b6 5.a3 Bxd2+ 6.Qxd2 Bb7 7.e3 Ne4 8.Qc2 f5
9.Be2 O-O 10.O-O d6 11.b4 Nd7 12.Bb2 Ng5 13.Ne1 f4 14.exf4 Nh3+ 15.gxh3 Rxf4
16.Qc3 Nf6 17.Ng2 Bxg2 18.Kxg2 Ne4 19.Qe3 Qh4 20.Bd3 Raf8 21.Bxe4 Rxe4 22.Qg3 Qh5
23.f3 Ref4 24.Rae1 R8f6 25.Kh1 Rxf3 26.Qg2 Qf7 27.Rxf3 Rxf3 28.Bc1 h6 29.Be3 Kh7
30.Kg1 Qf5 31.Qg4 Qf7 32.Qg2 Qh5 33.Bf2 Qf5 34.a4 Qd3 35.Rxe6 Qxc4  1-0

[Event "Jonsson Mem Open"]
[Site "Reykjavik ISL"]
[Date "2001.10.25"]
[Round "3"]
[White "Olafsson,H"]
[Black "Karason,A"]
[Result "1-0"]
[WhiteElo "2460"]
[BlackElo "2258"]

1.d4 Nf6 2.Nf3 e6 3.c4 Bb4+ 4.Nbd2 b6 5.g3 Bb7 6.Bg2 O-O 7.O-O d5 8.cxd5 exd5
9.Ne5 Nc6 10.Ndf3 Nxe5 11.Nxe5 Re8 12.Bf4 Bd6 13.Nd3 c6 14.Rc1 Bxf4 15.Nxf4 Qd6
16.Re1 Qb4 17.Rc2 a5 18.e3 Qd6 19.Qc1 Rac8 20.Rd1 Ba6 21.h4 h5 22.b3 g6 23.Qb2 Rc7
24.a3 Ree7 25.Bf1 Bxf1 26.Kxf1 Ne4 27.b4 a4 28.Kg2 b5 29.f3 Nf6 30.Qc1 Nd7
31.Re2 Nb6 32.e4 dxe4 33.fxe4 Qd7 34.Qc3 Qg4 35.Rde1 Qd7 36.Nd3 Nc4 37.Nc5 Qd6
38.Kh2 Rc8 39.e5 Qd5 40.Ne4 Kg7 41.Nf6 Qe6 42.Rf1 Nb6 43.Ref2 Rec7 44.Qd2 Rh8
45.Ne4 Qd5 46.Ng5 Rf8 47.Rf6 Nc4 48.Qf4  1-0

[Event "Chigorin Mem Open"]
[Site "St Petersburg RUS"]
[Date "2001.10.31"]
[Round "6"]
[White "Smelov,A"]
[Black "Polovnikova,E"]
[Result "0-1"]
[WhiteElo "2258"]
[BlackElo "2385"]

1.d4 Nf6 2.Nf3 e6 3.c4 Bb4+ 4.Nbd2 b6 5.a3 Bxd2+ 6.Qxd2 Bb7 7.g3 O-O 8.Bg2 d5
9.Qc2 dxc4 10.Qxc4 Nbd7 11.O-O c5 12.Rd1 cxd4 13.Nxd4 Rc8 14.Qa2 Bxg2 15.Kxg2 Qc7
16.Bd2 Rfd8 17.f3 Nc5 18.Be3 Rd7 19.b4 Na4 20.Nxe6 Qe5 21.Rxd7 Nxd7 22.Ng5 Qe7
23.Rd1 Ne5 24.Ne4 Nc4 25.Bf2 b5 26.Rd5 Qe6 27.Rd2 Nxd2 28.Qxd2 a6 29.g4 h6
30.Bd4 Nb6 31.g5 Nc4 32.Qf4 h5 33.Ng3 Nd6 34.Bc5 Rd8 35.e4 g6 36.Ne2 Nc4
37.Qf6 Qxf6 38.gxf6 Nxa3 39.Nf4 Rd2+ 40.Kg3 Nc4 41.Nd5 g5 42.h4 gxh4+ 43.Kxh4 Rh2+
44.Kg3 Rh1 45.f4 Re1 46.e5 Re4 47.Ne7+ Kh7 48.Nf5 Kg6 49.Nh4+ Kh7 50.Nf3 Kg6
51.Ng5 h4+ 52.Kg4 Nxe5+  0-1

[Event "TCh-CZE 2001-2"]
[Site "CZE"]
[Date "2001.11.18"]
[Round "3"]
[White "Vorisek,J"]
[Black "Folk,P"]
[Result "0-1"]
[WhiteElo "2262"]
[BlackElo "2278"]

1.d4 Nf6 2.Nf3 e6 3.c4 Bb4+ 4.Nbd2 d5 5.a3 Be7 6.Qc2 Nbd7 7.e3 b6 8.cxd5 exd5
9.Ne5 Nxe5 10.dxe5 Nd7 11.Bb5 O-O 12.Nf3 Bb7 13.O-O c5 14.Qf5 Nb8 15.Bd3 g6
16.Qf4 Na6 17.b3 Nc7 18.Bb2 Ne6 19.Qg3 Rc8 20.Rac1 Rc7 21.Rfd1 Bc6 22.Rd2 Kh8
23.Rcd1 Rd7 24.Bb1 a5 25.h4 a4 26.h5 Qe8 27.hxg6 fxg6 28.Nh4 Bxh4 29.Qxh4 axb3
30.f4 d4 31.Qh3 Rdf7 32.Bxg6 dxe3 33.Bxf7 Qxf7 34.Qxe3 Rg8 35.Rf2 Qf5 36.g3 Qh5  0-1

[Event "American Open"]
[Site "Los Angeles USA"]
[Date "2001.11.23"]
[Round "3"]
[White "Rupel,D"]
[Black "Frankle,J"]
[Result "1/2-1/2"]
[WhiteElo "2107"]
[BlackElo "2251"]

1.d4 Nf6 2.c4 e6 3.Nf3 Bb4+ 4.Nbd2 O-O 5.e3 b6 6.Bd3 Bb7 7.O-O d5 8.a3 Bxd2
9.Nxd2 Nbd7 10.Qc2 c5 11.b4 cxd4 12.exd4 dxc4 13.Nxc4 Rc8 14.Qe2 Be4 15.Bg5 Bxd3
16.Qxd3 h6 17.Bf4 Nd5 18.Bd6 Re8 19.Bg3 N7f6 20.Rac1 Nh5 21.Qf3 Nxg3 22.Qxg3 Qg5
23.Qxg5 hxg5 24.Nd6 Rxc1 25.Rxc1 Rd8 26.Rc8 Rxc8 27.Nxc8 a6 28.Nd6 Kf8 29.Kf1 Ke7
30.Nc4 f6 31.Ke2 Kd7 32.g3 Kc6 33.Kd3 Kb5 34.Nb2 a5 35.bxa5 bxa5 36.Kc2 Ne7
37.Kb3 Nf5 38.a4+ Kc6 39.Kc4 Nd6+ 40.Kd3 Kd5 41.Nd1 Nb7  1/2-1/2

[Event "TCh-BEL 2001-2"]
[Site "Belgium BEL"]
[Date "2001.11.25"]
[Round "3"]
[White "Gouret,T"]
[Black "Baert,A"]
[Result "1/2-1/2"]
[WhiteElo "2270"]
[BlackElo "2179"]

1.d4 e6 2.c4 Bb4+ 3.Nd2 Nf6 4.Nf3 O-O 5.e3 b6 6.Bd3 Bb7 7.O-O d5 8.a3 Be7
9.b3 Nbd7 10.Bb2 c5 11.Rc1 Rc8 12.Qe2 Rc7 13.cxd5 Nxd5 14.Ne4 Qa8 15.dxc5 Nxc5
16.Nxc5 Rxc5 17.Rxc5 Bxc5 18.Ng5 h6 19.Bh7+ Kh8 20.Bb1 Qe8 21.b4 Bd6 22.Qh5 e5
23.Ne4  1/2-1/2

[Event "FSGMB December"]
[Site "Budapest HUN"]
[Date "2001.12.05"]
[Round "5"]
[White "Szeberenyi,A"]
[Black "Colovic,A"]
[Result "1/2-1/2"]
[WhiteElo "2365"]
[BlackElo "2364"]

1.d4 Nf6 2.c4 e6 3.Nf3 Bb4+ 4.Nbd2 b6 5.a3 Bxd2+ 6.Bxd2 Bb7 7.Bg5 h6 8.Bh4 d6
9.e3 Nbd7 10.Qc2 g5 11.Bg3 Ne4 12.Nd2 Nxd2 13.Qxd2 Qe7 14.f3 e5 15.d5 a5
16.Bd3 Nc5 17.Qc2 a4 18.O-O Nxd3 19.Qxd3 f6 20.Rae1 Qh7 21.Qd1 h5 22.h3 Bc8
23.f4 Bd7 24.fxe5 fxe5 25.Qb1 Qxb1 26.Rxb1 Ke7 27.h4 g4 28.e4  1/2-1/2

[Event "10th Open"]
[Site "Aschach AUT"]
[Date "2001.12.27"]
[Round "3"]
[White "Teske,H"]
[Black "Pluemer,D"]
[Result "1-0"]
[WhiteElo "2504"]
[BlackElo "2192"]

1.d4 e6 2.Nf3 Nf6 3.c4 Bb4+ 4.Nbd2 O-O 5.a3 Bxd2+ 6.Nxd2 Nc6 7.e3 d6 8.Bd3 e5
9.d5 Ne7 10.O-O c6 11.dxc6 bxc6 12.b4 Ng6 13.Bb2 Re8 14.Qc2 d5 15.cxd5 cxd5
16.Rac1 e4 17.Bb5 Bd7 18.Bxf6 gxf6 19.Be2 f5 20.Qc5 Be6 21.Bb5 Re7 22.Rfd1 Rc8
23.Qd4 Rec7 24.Rxc7 Rxc7 25.Be2 Qg5 26.f4 exf3 27.Nxf3 Qg4 28.a4 f4 29.e4 Rc2
30.Bf1 Nh4 31.Nxh4 Qxh4 32.exd5 Bd7 33.b5 Qg5 34.Rd2 Rc1 35.Rf2  1-0

[Event "TCh-NOR Qualifier"]
[Site "NOR"]
[Date "2001.??.??"]
[Round "1"]
[White "Tallaksen,G"]
[Black "Heim,S"]
[Result "0-1"]
[WhiteElo "2235"]
[BlackElo "2383"]

1.d4 e6 2.c4 Nf6 3.Nf3 Bb4+ 4.Nbd2 O-O 5.a3 Bxd2+ 6.Bxd2 Ne4 7.g3 d6 8.Bg2 Nd7
9.Be3 a5 10.Qc2 Ndf6 11.O-O a4 12.c5 h6 13.Rac1 Bd7 14.Ne1 Bc6 15.Nd3 Bd5
16.Nb4 Bb3 17.Qb1 d5 18.f3 Ng5 19.Bf2 Ne8 20.f4 Nh7 21.e4 f5 22.exf5 exf5
23.c6 b6 24.Rfe1 g6 25.g4 Ng7 26.Re5 Nf6 27.Bh4 g5 28.fxg5 Nxg4 29.Bxd5+ Kh8
30.gxh6 Qxh4 31.hxg7+ Kxg7 32.Re2 Rae8 33.Rce1 Rxe2 34.Rxe2 Qd8 35.Bxb3 Qxd4+
36.Kh1 axb3 37.Qg1 Qc4 38.Re7+ Kf6 39.Re1 Rh8 40.Qg2 Rxh2+ 41.Qxh2 Nxh2  0-1

[Event "TCh-CZE 2001-2"]
[Site "CZE"]
[Date "2002.01.12"]
[Round "6"]
[White "Ftacnik,L"]
[Black "Vokac,M"]
[Result "0-1"]
[WhiteElo "2574"]
[BlackElo "2505"]

1.d4 Nf6 2.Nf3 e6 3.c4 Bb4+ 4.Nbd2 O-O 5.a3 Be7 6.e4 d6 7.Bd3 Nc6 8.b4 e5
9.d5 Nb8 10.Nb3 h6 11.h3 Nh7 12.Qc2 Nd7 13.Bd2 Ng5 14.Nh2 Nf6 15.Rc1 c6 16.h4 Ngh7
17.g3 Bd7 18.Ke2 Re8 19.Na5 Qb8 20.Nf1 cxd5 21.cxd5 Rc8 22.Qb1 Rxc1 23.Qxc1 Bd8
24.Ne3 Ng4 25.Nd1 Ngf6 26.Nb2 Nh5 27.Rg1 N5f6 28.Qc2 Ne8 29.Rc1 Nf8 30.f3 Nh7
31.Be3 Nhf6 32.Qd2 Nh7 33.Rc3 Nf8 34.Kf2 Ng6 35.Qe2 Nf6 36.Bb5 Bh3 37.Qc2 Nh5
38.Nxb7 Bxh4 39.gxh4 Qxb7 40.Bc6 Qe7 41.Bxa8 Qxh4+ 42.Ke2 Bg2 43.Bxa7 Qh2
44.Rc8+ Kh7 45.Kd3 Qh3 46.Rc3 Nhf4+ 47.Kd2 Bxf3 48.Nd1 Qf1 49.Be3 Ne2 50.Bc6 Qg2
51.Nf2 Nh4 52.b5 Bh5 53.Qd3 Nf4 54.Qb1 Qf3 55.Qd1 Qg3 56.Qf1 Nfg2 57.b6 Nf3+
58.Kc2 Nh2 59.Qd3 Ne1+ 60.Kb3 Nxd3 61.Rxd3 Be2 62.Rc3 Nf1 63.b7 Nxe3 64.b8=Q Qxf2
65.a4 Bc4+ 66.Rxc4 Nxc4 67.Qb4 Nd2+ 68.Ka3 Qe3+ 69.Ka2 Nxe4 70.a5 Qe2+ 71.Ka3 Nc5
72.Qb5 Qe3+ 73.Ka2 Qd2+ 74.Ka3 Qc3+ 75.Ka2 Nd3 76.Kb1 e4 77.a6 Qc1+ 78.Ka2 Qc2+
79.Ka1 e3 80.Qb1 Qxb1+ 81.Kxb1 e2  0-1

[Event "18th Open"]
[Site "Skopje MKD"]
[Date "2002.01.19"]
[Round "5"]
[White "Kizov,A"]
[Black "Dinev,D"]
[Result "1/2-1/2"]
[WhiteElo "2348"]
[BlackElo "2270"]

1.d4 Nf6 2.c4 e6 3.Nf3 Bb4+ 4.Nbd2 b6 5.a3 Bxd2+ 6.Bxd2 Bb7 7.Bg5 h6 8.Bh4 d6
9.e3 Nbd7 10.Qc2 Qe7 11.Rd1 a5 12.d5 e5 13.b3 g6 14.Nd2 Qf8 15.Be2 Qg7 16.f3 h5
17.Bf2 h4 18.Nf1 Qh6 19.Rg1 Qg5 20.e4 Nh5 21.Be3 Qf6 22.Nd2 Nf4 23.Bf1  1/2-1/2